00886nam a2200253 a 4500999001300000001000400013003000900017005001700026008004100043020001500084040003300099082002700132245009200159246002500251260004700276300003900323504002000362505001800382651005400400700002100454700002000475942001200495952012500507 c843d843918BD-DhUAP20210118160855.0200128s1996 bg a 001 0 eng d a9840513109 aDLCcBD-DhUAPdBD-DhUAPbEng00a954.140359 BEN V-122300aBengal politics :bdocuments of the Raj /cedited by Enayetur Rahim and Joyce L. Rahim.30aDocuments of the Raj aDhaka :bUniversity Press Limited,cc1996. avolumes :billustrations ;c25 cm. aIncludes index.1 aV. 1-1936-39. aBengal (India)xPolitics and governmentxSources.1 aRahim, Enayetur.1 aRahim, Joyce L. 2ddccBK 00102ddc4070aUAPCLbUAPCLcGeneral Stacksd2020-01-28o954.140359 BEN V-1p3010000918r2020-01-28t1w2020-01-28yBK